| Tag |
First Indicator |
Second Indicator |
Subfields |
| LEADER |
00000cam a2200000 a 4500 |
| 001 |
in00000025773 |
| 005 |
20151007054453.0 |
| 008 |
811230s1982 nyu b 00110 eng |
| 010 |
|
|
|a 81023289
|
| 020 |
|
|
|a 080772694X
|
| 035 |
|
|
|a (OCoLC)08114699
|
| 035 |
|
|
|9 AAB5155AM
|
| 040 |
|
|
|a DLC
|c DLC
|d m/c
|d TXA
|d UtOrBLW
|
| 049 |
|
|
|a TXAM
|c [A11060604]
|
| 050 |
0 |
0 |
|a LB2840.2
|b .C425 1982
|
| 082 |
0 |
|
|a 371.1/001/9
|2 19
|
| 100 |
1 |
|
|a Cedoline, Anthony J.
|
| 245 |
1 |
0 |
|a Job burnout in public education :
|b symptoms, causes, and survival skills /
|c Anthony J. Cedoline.
|
| 264 |
|
1 |
|a New York :
|b Teachers College Press,
|c 1982.
|
| 300 |
|
|
|a xii, 256 pages ;
|c 24 cm.
|
| 336 |
|
|
|a text
|b txt
|2 rdacontent
|
| 337 |
|
|
|a unmediated
|b n
|2 rdamedia
|
| 338 |
|
|
|a volume
|b nc
|2 rdacarrier
|
| 504 |
|
|
|a Includes bibliographies and index.
|
| 650 |
|
0 |
|a Teachers
|x Job stress.
|
| 650 |
|
0 |
|a School administrators
|x Psychology.
|
| 650 |
|
0 |
|a Burn out (Psychology)
|
| 999 |
|
|
|a MARS
|
| 999 |
f |
f |
|s 4b71da64-eea1-3be6-a617-c321e6dad723
|i 00cd9404-0c62-3b06-a5d7-908294dffbe8
|t 0
|
| 952 |
f |
f |
|p ric
|a Texas A&M University
|b Rellis Campus
|c Joint Library Facility
|d Remote Storage
|t 0
|e LB2840.2 .C425 1982
|h Library of Congress classification
|i unmediated -- volume
|m A14811060604
|
| 998 |
f |
f |
|a LB2840.2 .C425 1982
|t 0
|l Remote Storage
|